000 01002nam a2200253Ia 4500
003 IN-BaIIA
008 211028s9999 xx 000 0 eng d
020 _a90-277-1385-5
040 _cIIA Library
080 _a082.2:52
_bIAU-97
111 _aInternational Astronomical Union Symposium
_n97th
_cU S A
_d1981 Aug. 3-7
_912968
245 0 _aExtragalactic radio sources
_bproceedings of the International Astronomical Union Symposium No.97 held at Albuquerque U S A August 3-7, 1981
_cedited by David S. Heeschen and Campbell M. Wade
260 _aDordrecht
_bD. Reidel Publishing
_c1992
300 _axvii, 490p.
490 _aIAU Symposium; no. 97
500 _aDonated by Mrs. Bappu
650 _aAstronomy and Astrophysics Thesaurus
650 _aGalaxies
_91286
650 _aRadio Sources
_93666
700 _aHeeschen, David S., ed.
_912969
700 _aWade, Campbell M., ed.
_912970
710 _aInternational Astronomical Union
942 _cBK
999 _c7666
_d7666